01687na a2200361 450000100060000000300080000600500170001400800410003102000150007203500100008704000250009704100130012208200410013509000400017611000450021622200320026124501890029324600450048224600820052726000600060930000370066950000640070654600570077065000500082765000410087765100470091865100450096565100380101094200130104895201220106195201270118399900150131015203MIRAKIL20181213155228.0160920b tu 000 0  a9751907721 a15203 aMilasbturcTR-AnCHP aturaeng a304.6021 1990 TÜRKİYEbT95g 1993 a304.6021 1990 TÜRKİYE T95g 1993 aTürkiye İstatistik Kurumu (TÜİK) aGenel nüfus sayımı 1990 a1990 genel nüfus sayımıbnüfusun sosyal ve ekonomik nitelikleri = 1990 census of population : social and economic characteristics of populationcDevlet İstatistik Enstitüsü aNüfusun sosyal ve ekonomik nitelikleri a1990 census of population : social and economic characteristics of population aAnkarabDevlet İstatistik Enstitüsü (DİE)c1993 axxii, 190 s.bgrf., tbl.c30 sm. aKurumun yeni adı: Türkiye İstatistik Kurumu (TÜİK) aMetinler Türkçe-İngilizce karşılıklıdır. aSosyo ekonomik göstergelerx1990zTürkiye aNüfus sayımlarıx1990zTürkiye aTürkiyexEkonomik durumyİstatistikler aTürkiyexSosyal durumyİstatistikler aTürkiyexNüfus sayımı, 1990 2ddccBKS a0001b0001d2016-09-05e2l0o304.6021 1990 TÜRKİYE T95g 1993p003802r2016-09-05 00:00:00v0.00w2016-09-05yBKS a0001b0001d2016-09-05e2l0o304.6021 1990 TÜRKİYE T95g 1993p003803r2016-09-05 00:00:00tk.2v0.00w2016-09-05yBKS c8921d8921